Option pricing theory to value development land (Record no. 112533)
[ view plain ]
| 000 -LEADER | |
|---|---|
| fixed length control field | 00982cad a22002415a 4500 |
| 001 - CONTROL NUMBER | |
| control field | E153468 |
| 008 - FIXED-LENGTH DATA ELEMENTS--GENERAL INFORMATION | |
| fixed length control field | 110801s2010 xxk f 000 0 eng d |
| 020 1# - INTERNATIONAL STANDARD BOOK NUMBER | |
| International Standard Book Number | 9781842195789 |
| 035 ## - SYSTEM CONTROL NUMBER | |
| System control number | (Sirsi) u153468 |
| 041 0# - LANGUAGE CODE | |
| Language code of text/sound track or separate title | eng |
| 100 1# - MAIN ENTRY--PERSONAL NAME | |
| Personal name | Costello, Greg |
| 245 00 - TITLE STATEMENT | |
| Title | Option pricing theory to value development land |
| Medium | [electronic resource] |
| 260 ## - PUBLICATION, DISTRIBUTION, ETC. | |
| Place of publication, distribution, etc. | London |
| Name of publisher, distributor, etc. | RICS |
| Date of publication, distribution, etc. | 2010 |
| 490 #0 - SERIES STATEMENT | |
| Series statement | RICS Findings in Built and Rural Environments |
| 520 ## - SUMMARY, ETC. | |
| Summary, etc. | Looks at the potential for using option pricing models to value land with development potential. Uses data on residential property and land sales from Perth, Western Australia for the period 1995-2008 to test this valuation method. |
| 521 ## - TARGET AUDIENCE NOTE | |
| Target audience note | Advanced |
| 590 ## - LOCAL NOTE (RLIN) | |
| Local note | KA |
| 651 #4 - SUBJECT ADDED ENTRY--GEOGRAPHIC NAME | |
| Geographic name | Australia |
| 690 ## - LOCAL SUBJECT ADDED ENTRY--TOPICAL TERM (OCLC, RLIN) | |
| Topical term or geographic name as entry element | PROPERTY-PROPERTY APPRAISAL AND VALUATION |
| 700 1# - ADDED ENTRY--PERSONAL NAME | |
| Personal name | Leishman, Chris |
| 856 40 - ELECTRONIC LOCATION AND ACCESS | |
| Uniform Resource Identifier | <a href="https://www.rics.org/Global/Downloads/Full_report_-_Using_option_pricing_theory.pdf">https://www.rics.org/Global/Downloads/Full_report_-_Using_option_pricing_theory.pdf</a> |
| Public note | Broken link - not available |
| 942 ## - ADDED ENTRY ELEMENTS (KOHA) | |
| Suppress in OPAC | 0 |
| Withdrawn status | Lost status | Source of classification or shelving scheme | Damaged status | Not for loan | Home library | Current library | Shelving location | Date acquired | Total Checkouts | Full call number | Barcode | Date last seen | Copy number | Price effective from | Koha item type |
|---|---|---|---|---|---|---|---|---|---|---|---|---|---|---|---|
| Dewey Decimal Classification | Virtual | Virtual | Online | 01/08/2011 | ONLINE PUBLICATION | 153468-1001 | 06/08/2019 | 1 | 06/08/2019 | Book |